Entry Personal Name
Number of records used in: 1
001 - CONTROL NUMBER
003 - CONTROL NUMBER IDENTIFIER
005 - DATE AND TIME OF LATEST TRANSACTION
- control field:
20210706103912.0
008 - FIXED-LENGTH DATA ELEMENTS
- fixed length control field:
100816n| acannaabn |n aaa
010 ## - LIBRARY OF CONGRESS CONTROL NUMBER
- LC control number:
n 2010053204
040 ## - CATALOGING SOURCE
- Original cataloging agency:
DLC
- Language of cataloging:
eng
- Transcribing agency:
DLC
100 1# - HEADING--PERSONAL NAME
- Personal name:
Chaudhuri, Uttam Ray
670 ## - SOURCE DATA FOUND
- Source citation:
Chaudhuri, Uttam Ray. Fundamentals of petroleum and petrochemical engineering, 2010:
- Information found:
t.p. (Uttam Ray Chaudhuri)